00875cam a22002655a 4500001000800000005001700008008004100025020001500066040003300081082001900114100002000133245004900153260003800202300003500240504005100275650003600326650003000362650002500392650002100417650002500438653002200463942000800485999001700493952009900510283729020180129112325.0850910s1984 enka frb 001 0 eng d a0631133968 aDLCcDLCdDLCdEG-ScBUEbeng04a307.3222bBAD1 aBadcock, Blair.10aUnfairly structured cities /cBlair Badcock. aOxford :bBasil Blackwell,c1984. axiii, 395 p. :bill. ;c24 cm. aIncludes bibliographical references and index. 7aCities and towns.2BUEsh910163 7aCapitalism.2BUEsh939756 7aUrbanization.2BUEsh 7aEquality.2BUEsh 7aUrban policy.2BUEsh bGGENcJanuary2018 2ddc c26032d26004 00102ddc4070aMAINbMAINc1STd2018-01-29l0o307.3 BADp000047195r2025-07-15 00:00:00yBB